000 00206 a2200097 4500
001 7119
100 _aAltes, K
245 _aTransistors in logical circuits
260 _a
_bPhilips
_c
090 _c5889
_d5889
942 _aNUST-CAE
_cM
_c32365
999 _c242192
_d242192